Sports Quiz

Random Sports Quiz
Score 0/25 Timer 06:00
0 Plays Today
Jaar Antwoord % Correct
2015 - uitFeyenoord
95.2%
2014 - thuisFeyenoord
95.2%
2014 - uitAZ
85.4%
2013 - thuisAZ
85.4%
2018 - uitRoda JC
84.8%
2012 - uitFC Utrecht
78.2%
2014 - finalePEC Zwolle
76.8%
2017 - uitFC Twente
74.9%
2012 - uitFC Groningen
70.7%
2014 - thuisVitesse
69.6%
2013 - uitVitesse
69.6%
2018 - thuisGo Ahead Eagles
66.1%
2016 - uitCambuur
63%
Jaar Antwoord % Correct
2016 - thuisWillem II
52.6%
2013 - thuisFC Volendam
47.2%
2016 - uitKozakken Boys
42%
2018 - uitHVV Te Werve
40.1%
2015 - thuisDe Graafschap
36.5%
2017 - uitDe Dijk
32.4%
2013 - uitIJsselmeervogels
32.4%
2017 - uitScheveningen
30.4%
2014 - uitJOS Watergraafsmeer
28.6%
2012 - uitONS Sneek
19.2%
2014 - uitSV Urk
18.9%
2013 - thuisASWH
17.9%
Remove Ads.
Support Sporcle.
Get the best of Sporcle when you Go Orange. This ad-free experience offers more features, more stats, and more fun while also helping to support Sporcle. Thank you for becoming a member.

You're not logged in!

Compare scores with friends on all Sporcle quizzes.
OR
Log In

Show Comments

Extras

Created Dec 18, 2018ReportNominate
Tags:Ajax, Antwoord, Van

Top Quizzes Today


Score Distribution

Your Account Isn't Verified!

In order to create a playlist on Sporcle, you need to verify the email address you used during registration. Go to your Sporcle Settings to finish the process.

Report this User

Report this user for behavior that violates our Community Guidelines.

Details: